| 000 | 01573nam0a22003131 4500 | ||
|---|---|---|---|
| 001 | rc\4100836 | ||
| 005 | 20130415163911.2 | ||
| 021 |
_aRU _b[53-38851] |
||
| 035 | _a(NLR Aleph) 008138637 | ||
| 090 |
_a9469704 _c9469704 |
||
| 100 | _a20130415d1953 |||y0rusy50 ca | ||
| 101 | 0 | _arus | |
| 102 | _aRU | ||
| 105 | _ay z ||||| | ||
| 200 | 1 |
_aСтатьи о русской музыке и музыкантах _f[Общ. ред., вступ. статья и примеч. С.И. Шлифштейна] |
|
| 210 |
_aМосква _cМузгиз _d1953 |
||
| 215 |
_a84 с. _d17 |
||
| 225 | 1 | _aРусская классическая музыкальная критика | |
| 327 | 1 | _aСодерж.: М.А. Балакирев и его отношение к Москве; Из воспоминаний об А.П. Бородине; Н.А. Римский-Корсаков, его деятельность и значение | |
| 464 | 0 | _12001#$aМ.А. Балакирев и его отношение к Москве$aИз воспоминаний об А.П. Бородине$aН.А. Римский-Корсаков, его деятельность и значение | |
| 606 |
_aКомпозиторы русские _z19-20 вв. _2psbo |
||
| 606 |
_aРусская музыка _z19-20 вв. _2psbo |
||
| 700 | 1 |
_aКашкин _bН. Д. _f1839-1920 _gНиколай Дмитриевич |
|
| 702 | 1 |
_aШлифштейн _bС. И. _4340 _4080 _4212 |
|
| 801 | 0 |
_aRU _bNLR _gpsbo |
|
| 801 | 1 |
_aRU _bELAR _2rusmarc |
|
| 852 |
_aNLR _jИс80 Г-2/251 |
||
| 942 | _cBOOK | ||
| 980 | _aNB | ||